LDR 00705naa#a2200169#i#450# 001 RU\INFRA-M\bibl\116368 005 20260702093227.4 011 ## _a2500-3321 100 ## _a20260618b2026####ek#y0rusy0150####ca 102 ## _aRU 200 1# _aДемократия: от нормативного кризиса к новой парадигме _eЖурнальная статья 210 1# _aМосква _cОбщество с ограниченной ответственностью «Научно-издательский центр ИНФРА-М» _d2026 215 ## _a10 с. 608 ## _aЖурнальная статья _2local 675 ## _aФилософия. 10 _z 700 #1 _aБалиев _gЛ. О. 856 4# _anaukaru.ru _u